| 000 | 00000nam##2200000za#4500 |
| 001 | 9.664725 |
| 003 | CaOODSP |
| 005 | 20240527135428 |
| 007 | ta |
| 008 | 150407|2003||||xxc||||| f|0| 0 eng|d |
| 020 | |a0-662-67439-1 |
| 040 | |aCaOODSP|beng |
| 041 | |aeng |
| 041 | |afre |
| 043 | |an-cn--- |
| 086 | 1 |aCW66-225/2003 |
| 110 | 2 |aCanadian Wildlife Service. |
| 245 | 10|aSpecies at Risk Act : |ba guide |
| 260 | |aOttawa - Ontario : |bEnvironment Canada. |c2003. |
| 300 | |aEnglish text, v, 17p. : |bphotographs ; |c28 cm. |
| 520 | 3 |aThis guide to the Species at Risk Act explains the need for the Act, the Act’s focus on consultation and stewardship, and which federal ministers have responsibilities under the Act. It also sets out the process for protecting a species at risk; actions taken to protect such species and their habitats; penalties for violating the Act; how the public can access more information; and what action people with concerns about a species at risk could take. |
| 563 | |aSoftcover |
| 590 | |a03-46|b2003-11-14 |
| 690 | 07|aEndangered species|2gcpds |
| 690 | 07|aLegislation|2gcpds |
| 776 | 0#|tLoi sur les espèces en péril : |w(CaOODSP)9.640167 |
| 776 | 0#|tSpecies at Risk Act : |w(CaOODSP)9.696050 |
| 792 | |tLoi sur les espèces en péril : |efre|w(CaOODSP)9.664726 |